Akta Kerajaan Tempatan 1976 (Akta 171) : (hingga 25hb Oktober 1999)

Bibliographic Details
Corporate Author: Lembaga Penyelidikan Undang-Undang (Editor)
Format: Book
Language:Malay
Published: Kuala Lumpur : International Law Book Services 1999
Series:Laws of Malaysia
Subjects:

MARC

LEADER 00000cam a2200000 7i4500
001 0000008453
005 20241003.0
008 010206 my may
020 |a 9678908166 (pbk) 
040 |a INS   |b eng   |e rda 
090 0 0 |a KPG2920. A31976   |b M236 1999 
110 1 |a Malaysia   |e jurisdiction governed 
245 1 0 |a Akta Kerajaan Tempatan 1976 (Akta 171) :   |b (hingga 25hb Oktober 1999)   |c disusun oleh Lembaga Penyelidikan Undang-Undang 
264 1 |a Kuala Lumpur :   |b International Law Book Services   |c 1999 
300 |a 100 pages ;   |c 24 cm. 
336 |a text  |2 rdacontent 
337 |a unmediated  |2 rdamedia 
338 |a volume  |2 rdacarrier 
490 0 |a Laws of Malaysia 
650 0 |a Local government   |x Law and legislation   |z Malaysia 
650 0 |a Municipal government   |z Malaysia 
710 1 |a Lembaga Penyelidikan Undang-Undang   |e editor 
999 |a 0000008002   |b BOOK   |c Acts   |e Default branch 
999 |a 0000008069   |b BOOK   |c Acts   |e Default branch 
999 |a 0000008070   |b BOOK   |c Acts   |e Default branch